[Event "Lanzarote op"]
[Site "Lanzarote"]
[Date "2019.06.26"]
[Round "4"]
[White "Padilla Mendez, Vicente"]
[Black "Guadalupe Cabrera, Antonio"]
[Result "1-0"]
[WhiteElo "1867"]
[BlackElo "1404"]
[PlyCount "87"]
[EventDate "2019.06.24"]
[EventType "swiss"]
[EventRounds "9"]
[EventCountry "ESP"]
[SourceTitle "CBM 191 Extra"]
[Source "ChessBase"]
[SourceDate "2019.09.30"]
[SourceVersion "1"]
[SourceVersionDate "2019.09.30"]
[SourceQuality "1"]

1. d4 Nf6 2. c4 e6 3. Nc3 d5 4. cxd5 exd5 5. Bg5 c6 6. e3 Be7 7. Bd3 0-0 8. Qc2 Nbd7 9. Nge2 Re8 10. 0-0 h6 11. Bh4 Nf8 12. f3 Bd7 13. Bf2 Rc8 14. Qd2 Bb4 15. a3 Ba5 16. b4 Bc7 17. Rad1 N8h7 18. Rfe1 Nh5 19. Ng3 Nxg3 20. hxg3 f5 21. Qc2 Qf6 22. Ne2 Ng5 23. Nf4 Bxf4 24. gxf4 Nf7 25. Qa2 Kh8 26. a4 a6 27. b5 axb5 28. axb5 Ra8 29. Qb3 Ra5 30. Ra1 Rea8 31. Rxa5 Rxa5 32. Qb4 Qd8 33. b6 Ra8 34. g3 Be6 35. Qb1 Nd6 36. Re2 g6 37. Rb2 Bf7 38. g4 Be6 39. Bg3 Qf6 40. Rh2 Nf7 41. g5 Qg7 42. gxh6 Nxh6 43. Bh4 Kh7 44. Bg5 1-0

[Event "Lanzarote op"]
[Site "Lanzarote"]
[Date "2019.06.25"]
[Round "3"]
[White "Guadalupe Cabrera, Antonio"]
[Black "Salas Calvo, Alberto"]
[Result "0-1"]
[WhiteElo "1404"]
[BlackElo "1631"]
[PlyCount "50"]
[EventDate "2019.06.24"]
[EventType "swiss"]
[EventRounds "9"]
[EventCountry "ESP"]
[SourceTitle "CBM 191 Extra"]
[Source "ChessBase"]
[SourceDate "2019.09.30"]
[SourceVersion "1"]
[SourceVersionDate "2019.09.30"]
[SourceQuality "1"]

1. e4 d6 2. d4 Nf6 3. Nc3 g6 4. Nf3 Bg7 5. Be2 0-0 6. 0-0 c6 7. Be3 b5 8. a3 Nbd7 9. Qd2 Qc7 10. Rfd1 Bb7 11. Nh4 a6 12. f4 c5 13. e5 Ne8 14. Nf3 Rd8 15. dxc5 Nxc5 16. Nd5 Bxd5 17. Qxd5 Ne6 18. exd6 Nxd6 19. Qb3 Rc8 20. c3 Nf5 21. Bc1 Nxf4 22. Bxf4 Qxf4 23. Rd7 Qe3+ 24. Kf1 Qc5 25. Rd5 Ne3+ 0-1

[Event "Lanzarote op"]
[Site "Lanzarote"]
[Date "2019.06.24"]
[Round "1"]
[White "Guerra Arrocha, Daniel"]
[Black "Guadalupe Cabrera, Antonio"]
[Result "1-0"]
[WhiteElo "2100"]
[BlackElo "1404"]
[PlyCount "39"]
[EventDate "2019.06.24"]
[EventType "swiss"]
[EventRounds "9"]
[EventCountry "ESP"]
[SourceTitle "CBM 191 Extra"]
[Source "ChessBase"]
[SourceDate "2019.09.30"]
[SourceVersion "1"]
[SourceVersionDate "2019.09.30"]
[SourceQuality "1"]

1. e4 c5 2. Nf3 d6 3. Bb5+ Nc6 4. 0-0 Nf6 5. Re1 e6 6. c3 Be7 7. d4 0-0 8. Bf4 cxd4 9. cxd4 Qc7 10. d5 exd5 11. exd5 Nb4 12. Nc3 Bg4 13. Rc1 a6 14. Ba4 a5 15. Qe2 Bd8 16. Nb5 Qb6 17. Bxd6 Nbxd5 18. Bxf8 Kxf8 19. Nbd4 Nf4 20. Qe8+ 1-0

[Event "Lanzarote-chT"]
[Site "Arrecife de Lanzarote"]
[Date "2019.03.22"]
[Round "4.2"]
[White "Salazar de la Cruz, Jose Maria"]
[Black "Guadalupe Cabrera, Antonio"]
[Result "1-0"]
[WhiteElo "2074"]
[BlackElo "1408"]
[PlyCount "55"]
[EventDate "2019.03.08"]
[EventType "team-tourn"]
[EventRounds "6"]
[EventCountry "ESP"]
[SourceTitle "EXT 2021"]
[Source "ChessBase"]
[SourceDate "2020.10.23"]
[SourceVersion "1"]
[SourceVersionDate "2020.10.23"]
[SourceQuality "1"]
[WhiteTeam "La Cochinilla Democracia"]
[BlackTeam "Sociedad Democracia"]
[WhiteTeamCountry "ESP"]
[BlackTeamCountry "ESP"]

1. e4 c5 2. Nf3 d6 3. Bb5+ Bd7 4. Bxd7+ Nxd7 5. c4 Ngf6 6. Nc3 a6 7. d4 cxd4 8. Nxd4 g6 9. 0-0 Bg7 10. Be3 0-0 11. f3 Qc7 12. Rc1 Rac8 13. b3 Ne5 14. Qd2 Nfd7 15. Nd5 Qd8 16. Bg5 Nf6 17. Bxf6 exf6 18. Rfd1 Nc6 19. Ne2 Ne7 20. Nxe7+ Qxe7 21. Qxd6 Qe5 22. Qxe5 fxe5 23. Rd7 Rfd8 24. Rcd1 Bf6 25. Nc3 Rxd7 26. Rxd7 Rd8 27. Nd5 Rxd7 28. Nxf6+ 1-0

[Event "Lanzarote-chT"]
[Site "Arrecife de Lanzarote"]
[Date "2019.03.08"]
[Round "1.3"]
[White "Guerra Arrocha, Daniel"]
[Black "Guadalupe Cabrera, Antonio"]
[Result "1-0"]
[WhiteElo "2038"]
[BlackElo "1408"]
[PlyCount "59"]
[EventDate "2019.03.08"]
[EventType "team-tourn"]
[EventRounds "6"]
[EventCountry "ESP"]
[SourceTitle "EXT 2021"]
[Source "ChessBase"]
[SourceDate "2020.10.23"]
[SourceVersion "1"]
[SourceVersionDate "2020.10.23"]
[SourceQuality "1"]
[WhiteTeam "La Cochinilla Democracia"]
[BlackTeam "Sociedad Democracia"]
[WhiteTeamCountry "ESP"]
[BlackTeamCountry "ESP"]

1. e4 c5 2. Nf3 d6 3. Bb5+ Nc6 4. 0-0 Bg4 5. c3 Nf6 6. Re1 e6 7. d4 cxd4 8. cxd4 a6 9. Bxc6+ bxc6 10. d5 cxd5 11. exd5 e5 12. Bg5 Be7 13. h3 Bh5 14. Qa4+ Qd7 15. Qxd7+ Kxd7 16. g4 Bg6 17. Nc3 Rhc8 18. Rac1 Rc7 19. Na4 Rb8 20. Rxc7+ Kxc7 21. Rc1+ Kd7 22. Bxf6 Bxf6 23. Rc6 Bd3 24. Nb6+ Kd8 25. Rxd6+ Kc7 26. Rc6+ Kd8 27. g5 Be7 28. d6 Bf8 29. d7 Bf5 30. Nxe5 1-0

[Event "Arrecife de Lanzarote op"]
[Site "Arrecife de Lanzarote"]
[Date "2017.06.17"]
[Round "9"]
[White "Martin Fernandez, Antonio"]
[Black "Guadalupe Cabrera, Antonio"]
[Result "1-0"]
[WhiteElo "1731"]
[BlackElo "1463"]
[PlyCount "51"]
[EventDate "2017.06.11"]
[EventType "swiss"]
[EventRounds "9"]
[EventCountry "ESP"]
[SourceTitle "EXT 2019"]
[Source "ChessBase"]
[SourceDate "2018.10.10"]
[SourceVersion "1"]
[SourceVersionDate "2018.10.10"]
[SourceQuality "1"]

1. e4 e5 2. Nf3 Nf6 3. Nxe5 d6 4. Nf3 Nxe4 5. Qe2 Qe7 6. d3 Nf6 7. Nc3 Bg4 8. Be3 Nc6 9. h3 Bxf3 10. Qxf3 g6 11. 0-0-0 Bg7 12. Re1 0-0 13. g4 Rfe8 14. Bg2 Qd7 15. Qg3 Re7 16. f4 d5 17. d4 Rae8 18. Qf2 Na5 19. Bd2 Nc4 20. Rxe7 Rxe7 21. Re1 Nxd2 22. Qxd2 Ne4 23. Nxe4 Rxe4 24. Bxe4 dxe4 25. Rxe4 Bxd4 26. Qxd4 1-0

[Event "Arrecife de Lanzarote op"]
[Site "Arrecife de Lanzarote"]
[Date "2017.06.12"]
[Round "3"]
[White "Guadalupe Cabrera, Antonio"]
[Black "Perez Bolanos, David"]
[Result "0-1"]
[WhiteElo "1463"]
[BlackElo "1455"]
[PlyCount "66"]
[EventDate "2017.06.11"]
[EventType "swiss"]
[EventRounds "9"]
[EventCountry "ESP"]
[SourceTitle "EXT 2019"]
[Source "ChessBase"]
[SourceDate "2018.10.10"]
[SourceVersion "1"]
[SourceVersionDate "2018.10.10"]
[SourceQuality "1"]

1. d4 Nf6 2. c4 e6 3. Nc3 Bb4 4. Nf3 0-0 5. Bg5 h6 6. Bh4 c5 7. e3 Qa5 8. Qc2 Ne4 9. Rc1 cxd4 10. Nxd4 Nxc3 11. bxc3 Ba3 12. Rb1 Nc6 13. Rb5 Nxd4 14. exd4 Qc7 15. c5 b6 16. Rb3 Qf4 17. Bg3 Qc1+ 18. Qxc1 Bxc1 19. cxb6 axb6 20. Kd1 Bg5 21. Bd6 Re8 22. a3 Be7 23. Bb4 Bxb4 24. cxb4 Bb7 25. Kd2 Bd5 26. Rc3 Ra7 27. Kc2 Raa8 28. f3 Rec8 29. Bd3 Rxc3+ 30. Kxc3 Rxa3+ 31. Kd2 Ra2+ 32. Kc3 Rxg2 33. Ra1 Rxh2 0-1

[Event "Canarias-chT"]
[Site "Arrecife de Lanzarote"]
[Date "2016.06.23"]
[Round "1.3"]
[White "Morales Quintero, Jose Miguel"]
[Black "Guadalupe Cabrera, Antonio"]
[Result "1-0"]
[WhiteElo "1926"]
[BlackElo "1474"]
[PlyCount "67"]
[EventDate "2016.06.23"]
[EventType "team-swiss"]
[EventRounds "6"]
[EventCountry "ESP"]
[SourceTitle "EXT 2021"]
[Source "ChessBase"]
[SourceDate "2020.10.23"]
[SourceVersion "1"]
[SourceVersionDate "2020.10.23"]
[SourceQuality "1"]
[WhiteTeam "Victoria RC"]
[BlackTeam "Sociedad Democracia"]
[WhiteTeamCountry "ESP"]
[BlackTeamCountry "ESP"]

1. c4 Nf6 2. Nc3 e6 3. g3 d5 4. d4 c5 5. cxd5 exd5 6. Nf3 b6 7. Bg2 Bb7 8. 0-0 Be7 9. b3 0-0 10. Bb2 Nc6 11. e3 Rc8 12. Ne5 cxd4 13. exd4 Re8 14. Re1 Bb4 15. Rc1 Ne7 16. a3 Bd6 17. Bh3 Ra8 18. Nb5 Bb8 19. Qc2 a6 20. Nc7 Bxc7 21. Qxc7 Qxc7 22. Rxc7 Bc8 23. Bf1 Be6 24. Rec1 Rac8 25. Bxa6 Rxc7 26. Rxc7 Nc8 27. a4 Ne4 28. Ba3 f6 29. Bb5 Rd8 30. Nc6 Re8 31. Ne7+ Nxe7 32. Bxe8 Nf5 33. Bd7 Bxd7 34. Rxd7 1-0